| Tag |
First Indicator |
Second Indicator |
Subfields |
| LEADER |
00000cam a2200000 a 4500 |
| 001 |
in00000013957 |
| 005 |
20151007052115.0 |
| 008 |
870630s1987 enka b 00110 eng |
| 010 |
|
|
|a 87047593
|
| 035 |
|
|
|a (OCoLC)16224403
|
| 035 |
|
|
|9 AAA6304AM
|
| 040 |
|
|
|a DLC
|c DLC
|d TXA
|d UtOrBLW
|
| 049 |
|
|
|a TXAM
|c [A11462474]
|
| 050 |
0 |
0 |
|a QH365.Z9
|b B37 1987
|
| 082 |
0 |
|
|a 575.02/62
|2 19
|
| 100 |
1 |
|
|a Darwin, Charles,
|d 1809-1882.
|
| 245 |
1 |
0 |
|a Charles Darwin's notebooks, 1836-1844 :
|b geology, transmutation of species, metaphysical enquiries /
|c transcribed and edited by Paul H. Barrett [and others].
|
| 264 |
|
1 |
|a [London] :
|b British Museum (Natural History) ;
|a Ithaca, N.Y. :
|b Cornell University Press,
|c 1987.
|
| 300 |
|
|
|a viii, 747 pages :
|b illustrations ;
|c 29 cm.
|
| 336 |
|
|
|a text
|b txt
|2 rdacontent
|
| 337 |
|
|
|a unmediated
|b n
|2 rdamedia
|
| 338 |
|
|
|a volume
|b nc
|2 rdacarrier
|
| 504 |
|
|
|a Bibliography: pages 653-692.
|
| 500 |
|
|
|a Includes indexes.
|
| 505 |
0 |
|
|a Red notebook, 1836-1837 / transcribed and edited by Sandra Herbert -- Geology. Notebook A, 1837-1839 / transcribed and edited by Sandra Herbert. Glen Roy notebook, 1838 / transcribed and edited by Sydney Smith, Paul H. Barrett, & Peter J. Gautrey -- Transmutation of species. Notebook B, 1837-1838. Notebook C, 1838. Notebook D, 1838. Notebook E, 1838-1839 / [all] transcribed and edited by David Kohn. Torn apart notebook, 1839-1841 / transcribed and edited by Sydney Smith & David Kohn. Summer 1842 / transcribed and edited by David Kohn. Zoology notes, Edinburgh notebook, 1837-1842. Questions & experiments, 1839-1844 / [both] transcribed and edited by Paul H. Barrett -- Metaphysical enquiries. Notebook M, 1838. Notebook N, 1838-1839. Old & useless notes, 1838- 1840. Abstract of Macculloch, 1838 / [all] transcribed and edited by Paul H. Barrett.
|
| 650 |
|
0 |
|a Evolution.
|
| 650 |
|
0 |
|a Geology.
|
| 650 |
|
0 |
|a Metaphysics.
|
| 600 |
1 |
0 |
|a Darwin, Charles,
|d 1809-1882.
|
| 700 |
1 |
|
|a Barrett, Paul H.
|
| 999 |
|
|
|a MARS
|
| 999 |
f |
f |
|s 06ec137b-7070-3dc4-84a0-652d7a74fcfd
|i d190c932-7fb5-3e85-9479-31f0b4c30f89
|t 0
|
| 952 |
f |
f |
|p ric
|a Texas A&M University
|b Rellis Campus
|c Joint Library Facility
|d Remote Storage
|t 0
|e QH365.Z9 B37 1987
|h Library of Congress classification
|i unmediated -- volume
|m A14811462474
|
| 998 |
f |
f |
|a QH365.Z9 B37 1987
|t 0
|l Remote Storage
|